000 nam a22 7a 4500
999 _c9032
_d9032
005 20220104031407.0
008 220104b xxu||||| |||| 00| 0 eng d
020 _a9781780286747
_bpaperback
040 _beng
_cAPEC Schools Library
_erda
082 _aC 152.43
_bL985l 2014
100 _aLyle, Lesley
245 _aLaugh your way to happiness /
_cLesley Lyle
264 _aLondon ;
_bWatkins Publishing,
_c©2014.
300 _a236 pages.
336 _2rdacontent
_atext
337 _2rdamedia
_aunmediated
338 _2rdacarrier
_avolume
650 _aLaughter
_vPsychological aspect.
942 _2ddc
_cNFIC